000 01001nas a2200325 4500
001 BR0602031
003 BR-BrBNA
005 20231205110014.0
007 ta
008 230509b bl.|||p| |||| 00| 00por d
040 _aBR-BrBNA
_bpor
_cBiblioteca Nacional de Agricultura
041 _a(Pt)
072 _aK10
100 1 _aAbreu, D.C.Z. de
100 1 _aKuniyoshi, Y.S.
100 1 _aNogueira, A.C.
100 1 _aMedeiros, A.C. de S.
245 1 _aCaracterização morfológica de frutos, sementes e germinação de Attophylus edulis (St. Hill.)Radlk. (Sapindaceae)
650 _aSAPINDACEAE
650 _aDICOTILEDONEA
650 _aÁRVORE FLORESTAL
650 _aSEMENTE
650 _aGERMINAÇÃO
650 _aFRUTO
650 _aMORFOLOGIA VEGETAL
650 _aCARACTERISTICAS AGRONÔMICAS
773 0 _tRevista Brasileira de Sementes (Brazil)
_xISSN 0101-3122
_g(2005), v. 27(2) p. 59-66
_wBR0602031
909 _a202311
_bLúcia
_c55
_dLúcia Elande
942 _2AGRIS
_n0
_cANA
999 _c185780
_d185780